Internet et la classe de langue
Cet ouvrage se fixe comme objectif général d'aider les enseignants et les institutions d'enseignement dans le domaine des langues à tirer le meilleur parti des possibilités offertes par les technologies Internet, tant dans luer dimension d'information que dans celle de communicati...
Guardado en:
| Autor principal: | |
|---|---|
| Formato: | Libro |
| Lenguaje: | Undetermined |
| Publicado: |
Paris
CLE International
2006
|
| Materias: | |
| Etiquetas: |
Agregar Etiqueta
Sin Etiquetas, Sea el primero en etiquetar este registro!
|
| Thư viện lưu trữ: | Trung tâm Học liệu Trường Đại học Cần Thơ |
|---|
| LEADER | 00910nam a2200217Ia 4500 | ||
|---|---|---|---|
| 001 | CTU_134003 | ||
| 008 | 210402s9999 xx 000 0 und d | ||
| 020 | |c 344000 | ||
| 082 | |a 448.007 | ||
| 082 | |b L894 | ||
| 100 | |a Louveau, Élisabeth | ||
| 245 | 0 | |a Internet et la classe de langue | |
| 245 | 0 | |c Élisabeth Louveau, Francois Mangegot | |
| 260 | |a Paris | ||
| 260 | |b CLE International | ||
| 260 | |c 2006 | ||
| 520 | |a Cet ouvrage se fixe comme objectif général d'aider les enseignants et les institutions d'enseignement dans le domaine des langues à tirer le meilleur parti des possibilités offertes par les technologies Internet, tant dans luer dimension d'information que dans celle de communication. | ||
| 650 | |a Language and languages,French language | ||
| 650 | |x Study and teaching,Study and teaching | ||
| 904 | |i Giang | ||
| 980 | |a Trung tâm Học liệu Trường Đại học Cần Thơ | ||